zpět

Detail výsledku týmu

Kulturní dům, Zašová

Datum a čas kvízu

32 Celkem bodů Celkový počet nahraných bodů na tomto kvízu bez doplňovacích otázek.
6. Pořadí na kvízu Konečné umístění týmu na tomto kvízu.

Zaznamenané odpovědi

# Otázka Odpověď Body Výsledky
1. Ručně a stručně vyřešila své p... v Brně 0
2. Vláda jedné země chystá poměrn... Austrálie 1
3. Který bývalý člen kanceláře pr... Jiří Ovčáček 1
4. Řetězec Pepco se pod tlakem zá... C) zkušební kabiny 1
5. V nominaci německé fotbalové r... Lotyšsko 0
6. Napište názvy dvou filmů Zacka... 300: Bitva u Thermopyl, 300: Vzestup říše 0.5
7. Přiřaďte následující herce k p... 1C 2A 3D 4B 1
8. Německý film režiséra Edwarda... Na západní frontě klid, Erich Maria Remarque 1
9. Protektor je film režiséra Mar... Jana Plodková, Marek Daniel 0
10. Napište název filmu, z něhož p... Apokalypsa/Apocalypse Now 1